Ekonomické zhodnotenie využitia zlepšovania energetickej účinnosti diplomová práca

Enregistré dans:
Détails bibliographiques
Auteur principal: Doboš, Dávid
Collectivité auteur: Podnikovohospodárska fakulta EU so sídlom v Košiciach. Katedra obchodného podnikania
Autres auteurs: Stričík, Michal, 1969-
Format: Livre
Langue:slovaque
Publié: Košice 2024
Tags: Ajouter un tag
Pas de tags, Soyez le premier à ajouter un tag!

MARC

LEADER 00000nbm a2200000 4500
001 0301439
005 20250120141936.1
041 0 |a slo 
044 |a SK 
245 1 0 |a Ekonomické zhodnotenie využitia zlepšovania energetickej účinnosti  |b diplomová práca  |c Dávid Doboš ; školiteľ: Michal Stričík 
264 1 |a Košice  |c 2024 
300 |a 78 s. 
100 1 |a Doboš, Dávid 
700 1 |a Stričík, Michal, 1969- 
710 2 |a Podnikovohospodárska fakulta EU so sídlom v Košiciach. Katedra obchodného podnikania